|
|
|
|
| LEADER |
00000naa0a2200000 4500 |
| 001 |
595572 |
| 005 |
20250307121729.0 |
| 035 |
|
|
|a (RuTPU)RU\TPU\tpu\16892
|
| 035 |
|
|
|a RU\TPU\tpu\16856
|
| 090 |
|
|
|a 595572
|
| 100 |
|
|
|a 20091207d2001 k||y0rusy50 ba
|
| 101 |
0 |
|
|a eng
|
| 200 |
1 |
|
|a Influence of polarization on breakdown strength of polymeric composite dielectrics
|f O. S. Gefle [et al.]
|
| 333 |
|
|
|a В фонде НТБ ТПУ отсутствует
|
| 463 |
|
|
|t 12th ISH: 12th International Symposium on High Voltage Engineering
|f Indian Institute of Science , High Voltage Engineering Department
|h Vol. 2: Topic 4: Solid, liquids and gaseous dielectrics and insulation systems, new dielectrics materials, compressed gas and vacuum insulation
|v P. 554-557
|d 2001
|
| 610 |
1 |
|
|a труды учёных ТПУ
|
| 701 |
|
1 |
|a Gefle
|b O. S.
|
| 701 |
|
1 |
|a Lebedev
|b S. M.
|
| 701 |
|
1 |
|a Pokholkov
|b Y. P.
|c Russian physicist, electrical engineer, doctor of engineering
|c Rector of the TPU (1990 - 2008), professor
|f 1939-
|g Yuri Petrovich
|3 (RuTPU)RU\TPU\pers\24842
|
| 701 |
|
1 |
|a Agoris
|b D. P.
|
| 701 |
|
1 |
|a Vitellas
|b I.
|
| 801 |
|
1 |
|a RU
|b 63413507
|c 20091126
|
| 801 |
|
2 |
|a RU
|b 63413507
|c 20091207
|g RCR
|
| 942 |
|
|
|c BK
|